世界各国(无地图版) - Statistics

General Stats
  • This quiz has been taken 9 times
  • The average score is 79 of 196
Answers on the Map
Answers color-coded by a green-red scale on the quiz's map according to % correct below.
 
Answer Stats
国家 % Correct
美国
100%
巴西
86%
中国
86%
埃及
86%
法国
86%
德国
86%
希腊
86%
印度
86%
日本
86%
葡萄牙
86%
俄罗斯
86%
西班牙
86%
瑞典
86%
土耳其
86%
英国
86%
也门
86%
阿根廷
71%
澳大利亚
71%
白俄罗斯
71%
加拿大
71%
丹麦
71%
芬兰
71%
印度尼西亚
71%
伊拉克
71%
意大利
71%
马来西亚
71%
马里
71%
墨西哥
71%
蒙古
71%
荷兰
71%
新西兰
71%
波兰
71%
新加坡
71%
韩国
71%
瑞士
71%
台湾
71%
泰国
71%
阿富汗
57%
奥地利
57%
比利时
57%
文莱
57%
柬埔寨
57%
智利
57%
斐济
57%
格鲁吉亚
57%
加纳
57%
几内亚
57%
冰岛
57%
伊朗
57%
爱尔兰
57%
缅甸
57%
朝鲜
57%
挪威
57%
巴布亚新几内亚
57%
菲律宾
57%
索马里
57%
南非
57%
斯里兰卡
57%
苏丹
57%
乌克兰
57%
越南
57%
阿尔及利亚
43%
阿塞拜疆
43%
巴哈马
43%
不丹
43%
波斯尼亚和黑塞哥维那
43%
中非共和国
43%
哥伦比亚
43%
克罗地亚
43%
捷克共和国
43%
吉布提
43%
匈牙利
43%
肯尼亚
43%
吉尔吉斯斯坦
43%
老挝
43%
黎巴嫩
43%
利比亚
43%
卢森堡
43%
马达加斯加
43%
马拉维
43%
毛里塔尼亚
43%
摩洛哥
43%
尼泊尔
43%
阿曼
43%
巴基斯坦
43%
秘鲁
43%
罗马尼亚
43%
沙特阿拉伯
43%
塞尔维亚
43%
南苏丹
43%
塔吉克斯坦
43%
坦桑尼亚
43%
突尼斯
43%
委内瑞拉
43%
阿尔巴尼亚
29%
安哥拉
29%
亚美尼亚
29%
孟加拉国
29%
玻利维亚
29%
保加利亚
29%
乍得
29%
科摩罗
29%
哥斯达黎加
29%
古巴
29%
塞浦路斯
29%
刚果(金)
29%
多米尼克
29%
东帝汶
29%
赤道几内亚
29%
爱沙尼亚
29%
埃塞俄比亚
29%
冈比亚
29%
危地马拉
29%
几内亚比绍
29%
海地
29%
洪都拉斯
29%
以色列
29%
约旦
29%
哈萨克斯坦
29%
科索沃
29%
科威特
29%
拉脱维亚
29%
立陶宛
29%
马尔代夫
29%
马耳他
29%
毛里求斯
29%
摩纳哥
29%
黑山
29%
纳米比亚
29%
尼加拉瓜
29%
尼日利亚
29%
巴拿马
29%
刚果(布)
29%
塞舌尔
29%
斯洛伐克
29%
所罗门群岛
29%
圣卢西亚
29%
圣文森特和格林纳丁斯
29%
苏里南
29%
叙利亚
29%
土库曼斯坦
29%
乌干达
29%
乌兹别克斯坦
29%
梵蒂冈
29%
赞比亚
29%
安道尔
14%
安提瓜和巴布达
14%
巴林
14%
巴巴多斯
14%
伯利兹
14%
贝宁
14%
博茨瓦纳
14%
布基纳法索
14%
布隆迪
14%
喀麦隆
14%
佛得角
14%
多米尼加共和国
14%
厄瓜多尔
14%
萨尔瓦多
14%
厄立特里亚
14%
斯威士兰
14%
密克罗尼西亚联邦
14%
加蓬
14%
格林纳达
14%
圭亚那
14%
象牙海岸
14%
牙买加
14%
基里巴斯
14%
莱索托
14%
利比里亚
14%
列支敦士登
14%
马绍尔群岛
14%
摩尔多瓦
14%
莫桑比克
14%
瑙鲁
14%
尼日尔
14%
北马其顿共和国
14%
帕劳
14%
巴拉圭
14%
卡塔尔
14%
卢旺达
14%
萨摩亚
14%
圣马里诺
14%
圣多美和普林西比
14%
塞内加尔
14%
塞拉利昂
14%
斯洛文尼亚
14%
圣基茨和尼维斯
14%
多哥
14%
汤加
14%
特立尼达和多巴哥
14%
图瓦卢
14%
阿联酋
14%
乌拉圭
14%
瓦努阿图
14%
津巴布韦
14%
No matching quizzes found
Score Distribution
Percent of People with Each Score
Percentile by Number Answered
Your Score History
You have not taken this quiz